Piloti di Formula 1 del 2026 a non aver mai conquistato un podio - Statistics

Statistiche generali
  • Questo quiz è stato fatto 186 volte
    27 dall'ultimo reset
  • Il punteggio medio è 4 su 5
Statistiche sulle risposte
Risposta % Corretto
2 Bearman
92%
3 Bortoleto
80%
5 Lawson
72%
1 Colapinto
64%
4 Lindblad
52%
Nessun quiz corrispondente trovato
Distribuzione punteggi
Percentuale di utenti per punteggio
Percentile per numero di risposta
I tuoi punteggi nel tempo
Non hai fatto questo quiz dall'ultimo reset